000 00892nam a2200205Ii 4500
003 JO-AjNU
008 230605s9999||||xx |||||||||||||| ||und||
017 _a2015/9/4371
040 _aJO-AjNU
_bara
_erda
_cJO-AjNU
041 _aara
050 1 4 _aHC498.A7.T36.2015
100 3 _aالمجلس الاقتصادي والاجتماعي الأردني,
_eauthor
_951530
245 0 0 _aالمجلس الاقتصادي والاجتماعي الأردني: التقرير الاقتصادي والاجتماعي: الطاقة والمياه والنقل، قطاعات تنموية رائدة 2014
264 3 1 _aعمان: المجلس الأعلى للسكان، 2015
300 _a156ص
336 _atext
_btxt
_2rdacontent
337 _aunmediated
_bn
_2rdamedia
338 _avolume
_bnc
_2rdacarrier
650 4 _aالاردن -- احوال اقتصادية -- تقارير سنوية
_951531
999 _aA22771
_c26339
_d26339